U.S. Cities Closest to Chicago - Statistics

General Stats
  • This quiz has been taken 112 times
  • The average score is 8 of 10
Answer Stats
Answer Distance % Correct
Indianapolis 164 miles
96%
Milwaukee 81 miles
94%
Detroit 237 miles
89%
St. Louis 262 miles
88%
Minneapolis 354 miles
84%
Cleveland 307 miles
81%
Cincinnati 251 miles
76%
Columbus 275 miles
75%
Louisville 269 miles
65%
Grand Rapids 125 miles
40%
No matching quizzes found
Score Distribution
Percent of People with Each Score
Percentile by Number Answered
Your Score History
You have not taken this quiz